000 00716cab a2200229 4500
001 WB3422-24
008 090401t1998 xxu||||| |||| 00| 0 eng d
035 _a(Sirsi) u86792
041 _aeng
245 _aSale of MOD property
260 _c1998
350 _a0
490 _aFinancial Times
_v12 June 1998, 9(1)
520 _aThe government plans to raise £1bn a year over the next three years by selling assets ranging from Ministry of Defence land and buildings to motorway service stations.
650 _aMOD PROPERTY
650 _aMOTORWAY SERVICE STATIONS
650 _aNATIONAL ASSET REGISTER
650 _aPRIVATISATION
690 _aECONOMIC AND SOCIAL
942 _n0
948 _c12/06/1998
999 _c54662
_d54662